Platero y yo

Uloženo v:
Podrobná bibliografie
Hlavní autor: Jiménez, Juan Ramón
Médium: Kniha
Jazyk:Undetermined
Vydáno: San José, Costa Rica EDUCA 1997
Vydání:4
Témata:
Tagy: Přidat tag
Žádné tagy, Buďte první, kdo vytvoří štítek k tomuto záznamu!

MARC

LEADER 00000nam a2200000Ia 4500
008 170316s9999 xx 000 0 und d
040 |a cru BVZT 
090 |a 862 J-4p 
100 |a Jiménez, Juan Ramón 
245 |a Platero y yo 
250 |a 4 
260 |a San José, Costa Rica 
260 |b EDUCA 
260 |c 1997 
300 |a 155 páginas 
650 |a LITERATURA ESPAÑOLA 
650 |a NOVELA 
999 |c 10031  |d 10031 
942 |c 15 D  |h 862 J-4p  |2 z